=LDR 00000nam 2200000 4500 =001 INLIS000000000005198 =005 20251009101735 =035 ##$$a 0010-1025000253 =007 ta =008 251009###########################0#ind## =082 ##$$a 304.6 =084 ##$$a 304.6 SA a =100 #$$a Sanoesi Tambunan =245 1#$$a APAKAH INDONESIA BUTUH KB? /$c Badan Koordinasi Keluarga Berencana Nasional =260 ##$:$b Badan Koordinasi Keluarga Berencana Nasional =300 ##$$a 6 Hal : $b ilus ; $c 21 =650 #4$$a Keluarga Berencana =856 ##$$a Perpustakaan Kemendukbangga